000 00228 a2200097 4500
001 30395
100 _aCHA, Burns Mantle
245 _aThe Best plays of 1950-1951
260 _aNewyork
_bDodd Mead & Co
_c
090 _c20347
_d20347
942 _aNUST-CAE
_cM
_c11500
999 _c265468
_d265468